| 000 | 02429nam a22003617a 4500 | ||
|---|---|---|---|
| 001 | 101133 | ||
| 003 | KnowledgeUnlatched | ||
| 005 | 20210303105144.0 | ||
| 006 | m o d | ||
| 007 | cr u|||||||||| | ||
| 008 | 210129p20062019au o u00| u eng d | ||
| 037 | _5BiblioBoard | ||
| 245 | 0 | 0 |
_aEurope and Palestine 1799-1948: Religion - Politics - Society _cDominique Trimbur, Barbara Haider-Wilson. |
| 020 | _a9783700168041 | ||
| 029 | 1 | _ahttps://library.biblioboard.com/ext/api/media/d94917d1-02d1-4a4d-8c24-585bdeb9e7fe/assets/thumbnail.jpg | |
| 040 |
_aScCtBLL _cScCtBLL |
||
| 506 | 0 |
_aAccess copy available to the general public. _fUnrestricted _2star |
|
| 700 | 1 |
_aTrimbur, Dominique _eeditor. |
|
| 700 | 1 |
_aHaider-Wilson, Barbara _eeditor. |
|
| 264 | 1 | _bVerlag der österreichischen Akademie der Wissenschaften, | |
| 300 | _a1 online resource (384 p.) | ||
| 520 | _aThe encounter of Occident and Orient is one of the major topics of our time. This encounter is the theme of the present volume in regards to the Palestinian realm from 1799 to 1948. The contributions of twelve authors from Germany, France, Israel, Italy, Austria, Russia, and Switzerland are concerned with a period in which the ordinary interest for the land of the Bible and Christian history was connected to a much greater cultural and political discourse, which was not only carried out by the western churches, but also by European societies in general. In nineteenth- and early twentieth-century Palestine, many forces were at work; from 1516/17 Palestine belonged to the Ottoman Empire. Beginning in the nineteenth century, especially after 1840, this small territory became an issue for world politics. The maintenance of the integrity of the Ottoman Empire constituted one of the guidelines of the European powers. | ||
| 588 | 0 | _aDescription based on print version record. | |
| 590 | _aKU Select 2017: Backlist Collection | ||
| 650 | 7 |
_aHistory / Modern _2bisacsh |
|
| 650 | 0 | _aHistory | |
| 655 | 0 | _aElectronic books. | |
| 758 |
_iIs found in: _aKnowledge Unlatched _1https://openresearchlibrary.org/module/2774bc74-146a-484f-a7ba-ab1d6a09bbfb |
||
| 856 | 4 | 0 |
_uhttps://openresearchlibrary.org/content/d94917d1-02d1-4a4d-8c24-585bdeb9e7fe _zView this content on Open Research Library. _70 |
| 999 |
_c33788 _d33788 |
||